Т. 82, № 6; Вестник Российской академии наук

Bibliographic Details
Parent link:Вестник Российской академии наук: научный и общественно-политический журнал/ Российская академия наук (РАН). Т. 82, № 6.— , 1992-.— 0869-5873
Language:Russian
Published: 2012
Format: Book
KOHA link:https://koha.lib.tpu.ru/cgi-bin/koha/opac-detail.pl?biblionumber=481346

MARC

LEADER 00000nam2a2200000 4500
001 481346
005 20231101093733.0
035 |a (RuTPU)RU\TPU\prd\148790 
090 |a 481346 
100 |a 20120827a19319999k y0rusy50 ca 
101 0 |a rus 
102 |a RU 
200 0 |a Т. 82, № 6 
210 |d 2012 
461 1 |0 (RuTPU)RU\TPU\prd\578  |x 0869-5873  |t Вестник Российской академии наук  |o научный и общественно-политический журнал  |f Российская академия наук (РАН)  |v Т. 82, № 6  |d 1992- 
801 0 |a RU  |b 63413507  |c 20010227  |g PSBO 
801 1 |a RU  |b 63413507  |c 20120827 
801 2 |a RU  |b 63413507  |c 20201124  |g RCR 
942 |c BK 
999 |a НТБ_ТПУ  |b НФ  |e -1/20120110  |p П-3130  |s 7/20110919  |u 0,00  |v 1